000 01278nam a2200337 i 4500
001 000004810
003 DO-SdBNP
005 20250918104643.0
007 ta
008 090727s2005 dr a r 000 0 spa d
040 _aDO-SdBNP
_bspa
_cBNPHU
_erda
082 4 _a304.6
_bE56s, 2002
_222
245 0 0 _aEncuesta sociodemográfica y sobre VIH/SIDA en los bateyes estatales de la República Dominicana 2002.
264 1 _aSanto Domingo :
_bCESDEM,
_c2005.
300 _a116 páginas :
_bilustraciones ;
_c28 cm.
336 _atexto
_btxt
_2rdacontent
337 _asin mediación
_bn
_2rdamedia
338 _avolumen
_bnc
_2rdacarrier
504 _aBibliografía : páginas 84
590 _aInventariado, 2018/BT
650 0 _aSIDA (Enfermedad)
_zRepública Dominicana
_952709
650 4 _aEnfermedades de transmision sexual
_xPrevención y control
_913967
650 4 _aMatrimonio
_zRepública Dominicana
_911140
650 4 _aNutrición
_zRepública Dominicana
_910112
650 4 _aMujeres
_913968
651 4 _aRepública Dominicana
_xCondiciones sociales
_946
651 4 _aRepública Dominicana
_xPoblación
_91423
710 2 _aCentro de Estudios Sociales y Demográficos (República Dominicana)
_954618
910 _aValidado. Control de calidad. MFF
942 _2ddc
_cLBS1
999 _c4616
_d4616